رؤى مسافر (Record no. 8990)

MARC details
000 -LEADER
fixed length control field 00632nam a22001817a 4500
005 - DATE AND TIME OF LATEST TRANSACTION
control field 20260614141621.0
008 - FIXED-LENGTH DATA ELEMENTS--GENERAL INFORMATION
fixed length control field 260614b |||||||| |||| 00| 0 eng d
020 ## - INTERNATIONAL STANDARD BOOK NUMBER
International Standard Book Number N/A
040 ## - CATALOGING SOURCE
Transcribing agency .
082 ## - DEWEY DECIMAL CLASSIFICATION NUMBER
Classification number 811.9531 S528 1987
100 ## - MAIN ENTRY--PERSONAL NAME
Personal name السويداء , عبد الرحمن بن زيد
245 ## - TITLE STATEMENT
Title رؤى مسافر
Remainder of title /
Statement of responsibility, etc. عبد الرحمن بن زيد السويداء
250 ## - EDITION STATEMENT
Edition statement 1 ط
260 ## - PUBLICATION, DISTRIBUTION, ETC.
Name of publisher, distributor, etc. السعودية , الرياض , دار السويداء للنشر والتوزيع , 1987
300 ## - PHYSICAL DESCRIPTION
Extent 221 ص
Dimensions 23 سم
650 ## - SUBJECT ADDED ENTRY--TOPICAL TERM
Geographic subdivision الشعر العربي - السعودية - قرن 20
942 ## - ADDED ENTRY ELEMENTS (KOHA)
Source of classification or shelving scheme Dewey Decimal Classification
Koha item type Arabic Book
Suppress in OPAC No
Holdings
Withdrawn status Lost status Source of classification or shelving scheme Damaged status Not for loan Home library Current library Date acquired Total Checkouts Full call number Barcode Date last seen Copy number Price effective from Koha item type
    Dewey Decimal Classification     CENTRAL CENTRAL 06/15/2026   811.9531 S528 1987 1000000018131 06/15/2026 C1 06/15/2026 Arabic Book
    Dewey Decimal Classification     CENTRAL CENTRAL 06/15/2026   811.9531 S528 1987 1000000018132 06/15/2026 C1 06/15/2026 Arabic Book